00534nam a22001697a 450000500170000001000140001702000260003103500130005703700130007008200110008310000170009424501080011126000340021927000480025330000440030150000190034520100724130045.0 aENG-96632 a9788120338029c325.00 aEN-80165 bDBAD/PUB a006.78 aJansen, John aBuilding web applications with microsoft office sharepoint designer 2007 step by step /cby John Jansen aNew DelhibPHI Learningc2009 aM-97, Connaught Circus,bNew Delhi e110001 axxii,294p.bill.c24cm, (pbk)e1 CD-ROM aincludes index